[Event "Let's Play Chess!"]
[Site "http://www.queenalice.com/game.php?id=585145"]
[Date "2009.5.8"]
[Round "-"]
[White "pegasususa"]
[Black "spawnwolfwolverine"]
[Result "0-1"]
[WhiteElo "1395"]
[BlackElo "1614"]

1. e4 e5 2. Nf3 d6 3. c3 Bg4 4. Be2 Nf6 5. d3 Be7 6. O-O O-O 7. g3 Nc6 8. h4
Bxf3 9. Bxf3 b6 10. a3 Na5 11. b4 Nb7 12. d4 c5 13. d5 cxb4 14. cxb4 a5 15. b5
Nc5 16. a4 Ncxe4 17. Re1 Nc5 18. Nd2 h6 19. Bb2 Nd3 20. Re3 Nxb2 21. Qc2 Nxa4
22. Rxa4 Nd7 23. Kg2 Nc5 24. Ra2 f5 25. Bh5 f4 26. Re2 fxg3 27. fxg3 Bf6 28. Nf3
a4 29. Nd2 Qd7 30. Qc4 Ra5 31. Ne4 Nxe4 32. Qxe4 Rxb5 33. Rxa4 Ra5 34. Rxa5 bxa5
35. Ra2 Ra8 36. Ra4 Rb8 37. Rxa5 Rb2+ 38. Be2 Kf7 39. Ra1 g6 40. Rb1 Rxb1 41.
Qxb1 Qf5 42. Qb7+ Be7 43. Qc6 Qe4+ 0-1

[Event "Let's Play Chess!"]
[Site "http://www.queenalice.com/game.php?id=589801"]
[Date "2009.5.17"]
[Round "-"]
[White "pegasususa"]
[Black "PROFALEXANDRE"]
[Result "1/2-1/2"]
[WhiteElo "1473"]
[BlackElo "1679"]

1. e4 e5 2. Nf3 d6 3. Be2 Nf6 4. d3 h6 5. O-O Nc6 6. Re1 Bg4 7. h4 d5 8. exd5
Qxd5 9. c3 Bc5 10. a3 O-O 11. b4 Bd6 12. g3 a5 13. bxa5 Rxa5 14. Be3 e4 15. Nh2
Bxe2 16. Qxe2 exd3 17. Qd1 Ne4 18. c4 Qe5 19. Qxd3 Qxa1 20. Kg2 Nc5 21. Bxc5
Bxc5 22. Nf3 Bxa3 23. Nxa3 Rxa3 24. Qe4 Qc3 25. Re3 Qa5 26. Rxa3 Qxa3 27. Qd5
Rd8 28. Qe4 Nd4 29. Nxd4 Rxd4 30. Qxd4 Qa8 31. Qd5 c6 32. Qd6 b6 33. c5 b5 34.
Qd4 f5 35. Qe5 Qf8 36. Qe6+ Kh8 37. Qxc6 f4 38. Qxb5 Qa8+ 39. c6 fxg3 40. fxg3
Qa2+ 41. Kh3 Qe6+ 42. Kg2 Qe4+ 43. Kh3 Qh1+ 44. Kg4 Qe4+ 45. Kh3 Qh1+ 46. Kg4
Qe4+ 47. Kh3 1/2-1/2

[Event "Let's Play Chess!"]
[Site "http://www.queenalice.com/game.php?id=594710"]
[Date "2009.5.28"]
[Round "-"]
[White "pegasususa"]
[Black "MCMXI"]
[Result "0-1"]
[WhiteElo "1467"]
[BlackElo "1839"]

1. e4 e5 2. Nf3 Nc6 3. c3 d5 4. exd5 Qxd5 5. Be2 e4 6. O-O exf3 7. Bxf3 Qd8 8.
Re1+ Be7 9. d4 Nf6 10. g3 O-O 0-1

[Event "Let's Play Chess!"]
[Site "http://www.queenalice.com/game.php?id=594714"]
[Date "2009.5.28"]
[Round "-"]
[White "pegasususa"]
[Black "MCMXI"]
[Result "0-1"]
[WhiteElo "1469"]
[BlackElo "1837"]

1. e4 c5 2. c3 Nf6 3. d3 Nc6 4. Nf3 d6 5. Be2 g6 6. O-O Bg7 7. Re1 O-O 8. g3 Re8
9. h4 Qb6 10. Nbd2 Nh5 0-1

[Event "Let's Play Chess!"]
[Site "http://www.queenalice.com/game.php?id=601474"]
[Date "2009.6.11"]
[Round "-"]
[White "pegasususa"]
[Black "ianderson"]
[Result "0-1"]
[WhiteElo "1463"]
[BlackElo "1637"]

1. e4 e5 2. Nf3 Nc6 3. c3 Nf6 4. d4 Nxe4 5. Be3 d6 6. Be2 Be7 7. Nbd2 Nxd2 8.
Qxd2 O-O 9. O-O a6 10. Rfe1 e4 11. g3 exf3 12. Bxf3 d5 13. a3 b5 14. b4 Bb7 15.
h4 a5 16. a4 axb4 17. axb5 Rxa1 18. Rxa1 b3 19. bxc6 Bxc6 20. Rb1 Ba4 21. Bd1
Qb8 22. Bg5 f6 23. Be3 Rd8 24. Ra1 b2 25. Rb1 Bxd1 26. Qxd1 Ba3 27. Qa4 Qa8 28.
Qb5 Rb8 29. Qd7 Qa5 30. Bd2 Bd6 31. Qe6+ Kh8 32. Kg2 Qa2 33. Qf5 c5 34. dxc5
Bxc5 0-1

[Event "Let's Play Chess!"]
[Site "http://www.queenalice.com/game.php?id=601475"]
[Date "2009.6.10"]
[Round "-"]
[White "pegasususa"]
[Black "spawnwolfwolverine"]
[Result "0-1"]
[WhiteElo "1481"]
[BlackElo "1625"]

1. e4 e5 2. Nf3 d6 3. Be2 Bg4 4. O-O g6 5. Re1 Bg7 6. c3 Nf6 7. d3 O-O 8. h4 Nc6
9. g3 a6 10. Be3 b5 11. a3 h5 12. Nbd2 Bxf3 13. Bxf3 Kh7 14. b4 Ne7 15. d4 c6
16. Nb3 exd4 17. cxd4 Qd7 18. Rb1 Nfg8 19. Ra1 c5 20. Rb1 cxd4 21. Nxd4 Bxd4 22.
Bxd4 Nc6 23. Be3 Ne5 24. Be2 f5 25. exf5 Rxf5 26. Bf1 Nf3+ 27. Kg2 Nxe1+ 28.
Qxe1 d5 29. Bf4 d4 30. Bd3 Rf6 31. Bg5 Re6 32. Qd2 Qd5+ 33. Kg1 Nf6 34. Re1
Rxe1+ 35. Qxe1 Re8 36. Qd2 Ne4 37. Bxe4 Qxe4 38. Qd1 Qe1+ 39. Qxe1 Rxe1+ 40. Kg2
d3 41. Kf3 d2 42. Bxd2 Ra1 43. g4 Rxa3+ 44. Be3 hxg4+ 45. Kxg4 a5 46. bxa5 Rxa5
47. Bb6 Ra4+ 48. Kg5 b4 49. Bd4 b3 50. Bb2 Ra2 51. Bd4 b2 52. Bxb2 Rxb2 53. f4
Rb5+ 54. f5 Rxf5+ 55. Kg4 Kh6 56. Kg3 Kh5 57. Kh3 g5 58. hxg5 Rxg5 59. Kh2 Kh4
60. Kh1 Ra5 61. Kg2 Kg4 62. Kf2 Ra3 63. Ke2 Kg3 64. Kd2 Kf3 0-1

[Event "Let's Play Chess!"]
[Site "http://www.queenalice.com/game.php?id=601476"]
[Date "2009.6.10"]
[Round "-"]
[White "pegasususa"]
[Black "spawnwolfwolverine"]
[Result "1-0"]
[WhiteElo "1450"]
[BlackElo "1634"]

1. e4 e5 2. Nf3 d6 3. Be2 Bg4 4. O-O Nc6 5. Re1 Nf6 6. d3 Be7 7. c3 O-O 8. h4 a6
9. g3 b5 10. a3 Na5 11. b4 Nb7 12. Be3 Bxf3 13. Bxf3 c5 14. Nd2 cxb4 15. axb4 h6
16. d4 exd4 17. cxd4 a5 18. bxa5 Rxa5 19. Nb3 Rxa1 20. Qxa1 Nh7 21. Nd2 Qa8 22.
Qb2 Qe8 23. Bf4 Na5 24. Kg2 Nc4 25. Nxc4 bxc4 26. Qc2 Qc8 27. e5 dxe5 28. dxe5
c3 29. Rc1 Bb4 30. Qb3 Re8 31. Qxb4 c2 32. Qb3 g5 33. hxg5 Nxg5 34. Rxc2 Qh3+
35. Kg1 Nxf3+ 36. Qxf3 Ra8 37. Qxa8+ Kg7 38. Qg2 Qxg2+ 39. Kxg2 Kg6 40. Rc6+ Kf5
41. Rxh6 f6 42. Rxf6+ Ke4 43. Rh6 Kd4 44. e6 Kd3 45. e7 Ke2 46. e8=Q+ Kd3 47.
Rd6+ Kc4 48. Qc8+ Kb5 49. Qc7 Kb4 50. Rb6+ Ka5 51. Qa7# 1-0

[Event "Let's Play Chess!"]
[Site "http://www.queenalice.com/game.php?id=601477"]
[Date "2009.6.11"]
[Round "-"]
[White "pegasususa"]
[Black "Vetao"]
[Result "0-1"]
[WhiteElo "1410"]
[BlackElo "1813"]

1. e4 e5 2. Nf3 Qf6 3. Be2 Nc6 4. c3 Bc5 5. O-O Qg6 6. d4 exd4 7. Nxd4 Nf6 8.
Bf3 Ne5 9. g3 d6 10. b4 Bb6 11. h4 Bd7 12. Bf4 Nxf3+ 13. Qxf3 Bg4 14. Qd3 O-O
15. Re1 Rae8 16. Nd2 c5 17. N2f3 cxd4 18. cxd4 Nxe4 19. Re3 d5 20. a4 Qf6 21. a5
Bd8 22. Rae1 b6 23. a6 Qc6 24. Qa3 Bf6 25. Rc1 Qb5 26. Kg2 Bxf3+ 27. Kxf3 Nd2+
28. Kg2 Nc4 29. Qc3 Nxe3+ 30. Bxe3 Qxa6 31. Re1 Rc8 32. Qb3 Qb5 33. Qb2 Rc4 34.
Rc1 Rxb4 35. Qd2 Be7 36. Rc7 Rb2 37. Qc1 Ba3 38. Rc8 Rxf2+ 39. Bxf2 Bxc1 40.
Rxc1 h6 41. h5 Re8 42. Kf3 Qd3+ 43. Kg2 Re2 44. Rc8+ Kh7 45. Rc7 Qxd4 46. Rxf7
Qe4+ 47. Kg1 d4 48. Rxa7 d3 49. Ra6 d2 50. Ra1 Rxf2 51. Kxf2 Qd4+ 52. Ke2 Qxa1
53. Kxd2 b5 54. Kc2 b4 55. g4 Qa2+ 56. Kd3 b3 57. Ke4 b2 58. Kf5 Kh8 59. g5
b1=Q+ 60. Kg4 Qe4+ 61. Kg3 Qag2# 0-1

[Event "Let's Play Chess!"]
[Site "http://www.queenalice.com/game.php?id=601479"]
[Date "2009.6.11"]
[Round "-"]
[White "pegasususa"]
[Black "salvioluiz"]
[Result "0-1"]
[WhiteElo "1375"]
[BlackElo "1612"]

1. e4 e5 2. Nf3 Nc6 3. c3 Nf6 4. d3 d5 5. exd5 Nxd5 6. Be2 Bg4 7. O-O Qf6 8. Re1
Qg6 9. d4 O-O-O 10. Nbd2 Bh3 11. g3 exd4 12. Nxd4 Nxd4 13. cxd4 Bb4 14. Bf3 Ne7
15. a3 Bxd2 16. Bxd2 Rhe8 17. Re3 Rxd4 18. Qc1 f6 19. Qc3 Rd6 20. Rae1 Rd7 21.
Qc1 h5 22. Qd1 h4 23. b4 hxg3 24. fxg3 f5 25. Re6 Qf7 26. R6e2 c6 27. Qc2 Rc7
28. Bf4 Rd7 29. Rd1 Rxd1+ 30. Qxd1 Rd8 31. Rd2 Rh8 32. Qa4 a6 33. Qa5 Ng6 34.
Be3 Qb3 35. Qb6 Qb1+ 36. Kf2 Qf1# 0-1

[Event "Let's Play Chess!"]
[Site "http://www.queenalice.com/game.php?id=601519"]
[Date "2009.6.11"]
[Round "-"]
[White "pegasususa"]
[Black "salvioluiz"]
[Result "0-1"]
[WhiteElo "1375"]
[BlackElo "1612"]

1. e4 d5 2. exd5 Qxd5 3. Nf3 Bg4 4. Be2 Nc6 5. O-O O-O-O 6. Re1 Nf6 7. c3 e6 8.
d4 Qf5 9. g3 Be7 10. h4 e5 11. Be3 e4 12. Nbd2 exf3 13. Nxf3 Bh3 14. Ng5 Nd5 15.
Bd2 Bxg5 16. Bxg5 f6 17. Bd2 Qe4 18. Bf3 Qf5 19. a3 Rhe8 20. Rxe8 Rxe8 21. b4 g5
22. c4 Nb6 23. hxg5 fxg5 24. c5 Nxd4 25. Bg2 Bg4 26. Qf1 Ne2+ 27. Kh2 Nc4 28.
Qe1 Nxd2 29. Qxd2 Qf6 30. Re1 Qh6+ 31. Bh3 Qxh3# 0-1

[Event "Let's Play Chess!"]
[Site "http://www.queenalice.com/game.php?id=601520"]
[Date "2009.6.10"]
[Round "-"]
[White "pegasususa"]
[Black "spawnwolfwolverine"]
[Result "1-0"]
[WhiteElo "1408"]
[BlackElo "1629"]

1. e4 e5 2. Nf3 d6 3. Be2 Bg4 4. O-O Nf6 5. d3 Be7 6. Re1 O-O 7. c3 c6 8. h4 a6
9. g3 b5 10. a3 c5 11. b4 Nbd7 12. Be3 Bxf3 13. Bxf3 cxb4 14. axb4 h6 15. Nd2 a5
16. Nb3 axb4 17. Rxa8 Qxa8 18. cxb4 Nh7 19. d4 exd4 20. Nxd4 Ne5 21. Bg2 Nc4 22.
Bf4 Bf6 23. Nxb5 Be5 24. Bxe5 dxe5 25. Qb3 Qc6 26. Nc3 g6 27. Bf3 Nd2 28. Qd1
Nxf3+ 29. Qxf3 f5 30. Qe3 f4 31. gxf4 Rxf4 32. b5 Qf6 33. Qc5 Qxh4 34. Nd1 Rg4+
35. Kf1 Qh3+ 36. Ke2 Rxe4+ 37. Ne3 h5 38. Qd5+ Kg7 39. Qxe4 Nf6 40. Qb7+ Kh6 41.
Qc6 Kg5 42. Rg1+ Kh4 43. Qxf6+ g5 44. Qxg5# 1-0

[Event "Let's Play Chess!"]
[Site "http://www.queenalice.com/game.php?id=601521"]
[Date "2009.6.10"]
[Round "-"]
[White "pegasususa"]
[Black "nelgisa"]
[Result "1-0"]
[WhiteElo "1433"]
[BlackElo "1460"]

1. e4 e5 2. Nf3 Nf6 3. d3 d5 4. exd5 Nxd5 5. Be2 a6 6. O-O Bg4 7. Re1 Bxf3 8.
Bxf3 Nf4 9. Rxe5+ Be7 10. Bxf4 O-O 11. Bxb7 Bf6 12. Bxa8 Nc6 13. Bxc6 Qd6 14. c3
Qxc6 15. g3 g5 16. Rf5 gxf4 17. Rxf4 Re8 18. Rg4+ Kh8 19. Nd2 Qe6 20. Ne4 Be7
21. a3 f5 22. Rf4 fxe4 23. Rxe4 Qf6 24. Qd2 Bc5 25. Kg2 Qd8 26. b4 Be7 27. Rae1
Qd5 28. Kg1 Qd6 29. d4 Qf6 30. Kg2 Rf8 31. R1e2 Qf3+ 32. Kg1 Bh4 33. Re8 Rg8 34.
Rxg8+ Kxg8 35. Re8+ Kf7 36. Qe1 Qf6 37. Re4 Bg5 38. h4 Bh6 39. Qe2 Qd8 40. Qf3+
Kg7 41. Qg4+ Kh8 42. Re6 Bd2 43. c4 Qd7 44. d5 h6 45. Qe4 Qa4 46. Re8+ Kg7 47.
Qe7+ Kg6 48. Rg8+ Kf5 49. Qe6# 1-0